000 00306nam a22001337a 4500
020 _a92-5-102104-X
041 _aENG
100 _aMather.T.H
245 _aEnvironmental Management Ofr Vector Control In Rice Fields
260 _aRome
_bFAO
_c1984
300 _a151
650 _aFAO
856 _uFAO (01)
999 _c2384
_d2384